000 00547nam a22001577a 4500
008 150504b xxu||||| |||| 00| 0 eng d
020 _a9783848216253
050 _aQ175.32.E85R593
100 _aRipperger, Chad
_917646
245 _aThe metaphysics of evolution
_bevolutionary theory in light of first principles
_c/by Chad Ripperger
260 _aNorderstedt
_bBooks on demand
_c2012
300 _a72p. ;
_c22cm.
650 _aEvolution
_xPhilosophical aspects
_917647
650 _aScience
_xPhilosophy
_917648
942 _2lcc
_cMONOGRAPH
999 _c122794
_d122794